00545nam a2200181 a 45000010010000000030011000100080041000210350026000620820016000881000025001042450027001292600052001566500018002089420012002269520090002389980020003289990015003480000-8633ELIB.Books110520 1817  a(ELIB.Books)0000-8779 a220.9 bGra aGrailam, Margapet A. aThe Wonder of Miracles bSan Francisco: Harper and Row Publishers c1817 aBible - Story 2ddccBK 00102ddc4070aKBTSbKBTSd2011-05-20l0p7150r2022-01-22 00:00:00w2022-01-22yBK cbate2011-05-20 c8633d8633